Pedro Proença, Guillermo Pérez Villalta (Record no. 448)

MARC details
000 - LÍDER
campo de control de longitud fija 01074nam a2200229Ia 4500
008 - ELEMENTOS DE DATOS DE LONGITUD FIJA - INFORMACIÓN GENERAL
campo de control de longitud fija 000000[1997] sp a 0000000000spa00
020 ## - INTERNATIONAL STANDARD BOOK NUMBER
International Standard Book Number 8476713975
090 ## - NÚMERO DE LLAMADA DE TIPO LC LOCALMENTE ASIGNADO (OCLC)
Número de clasificación (OCLC) (R) PSP00 O45p
100 1# - ENTRADA PRINCIPAL - NOMBRE PERSONAL
Nombre de la persona Olmo, Santiago B.
245 10 - TÍTULO DECLARACIÓN
Título Pedro Proença, Guillermo Pérez Villalta
Resto del título : diálogos
Declaración de responsabilidad / textos Santiago Olmo, Rosa Olivares ; traducción Paulo Eduardo Carvalho ; fotografías José Angel Vicente, Oronoz, Claudio del Campo
260 ## - PUBLICACIÓN, DISTRIBUCIÓN
Lugar de publicación Badajoz : Museo Extremeño e Iberoamericano de Arte Contemporáneo
Fecha de publicación 1997
300 ## - DESCRIPCIÓN FÍSICA
Alcance 123 p
Dimensiones / 27 cm.
500 ## - NOTA GENERAL
Nota general Con el patronazgo del maestro venezolano Jesús Rafael Soto (q.e.p.d.)
600 00 - ENTRADA DE SUJETO AÑADIDO - NOMBRE PERSONAL
Nombre de la persona PROENCA, PEDRO, 1962/
Subdivisión general TRABAJOS PICTORICOS \ PEREZ VILLALTA, GUILLERMO, 1948/
-- TRABAJOS PICTORICOS
650 14 - ENTRADA DE SUJETO AÑADIDO - TÉRMINO TÓPICO
Término tópico o elemento de entrada del nombre geográfico PINTURA MODERNA ESPAÑOLA
650 14 - ENTRADA DE SUJETO AÑADIDO - TÉRMINO TÓPICO
Subdivisión general CATALOGOS
650 14 - ENTRADA DE SUJETO AÑADIDO - TÉRMINO TÓPICO
Subdivisión general EXPOSICIONES
650 14 - ENTRADA DE SUJETO AÑADIDO - TÉRMINO TÓPICO
Término tópico o elemento de entrada del nombre geográfico PINTORES ESPAÑOLES
650 14 - ENTRADA DE SUJETO AÑADIDO - TÉRMINO TÓPICO
Término tópico o elemento de entrada del nombre geográfico PINTORES PORTUGUESES
650 14 - ENTRADA DE SUJETO AÑADIDO - TÉRMINO TÓPICO
Término tópico o elemento de entrada del nombre geográfico PINTURA MODERNA PORTUGUESA
700 1# - ENTRADA AGREGADA - NOMBRE PERSONAL
Nombre de la persona Olivares, Rosa \ Carvalho, Paulo Eduardo \ Vicente, José Angel \ Oronoz \ Campo, Claudio del
Holdings
Estado de retirada Pérdida de estatus Estado dañado No para préstamo Código de recogida Ubicación permanente Ubicación actual Ubicación de las estanterías Fecha de adquisición Número de llamada completo Código de barras Fecha de la última vez que se vio Número de copia Precio efectivo desde Tipo de artículo Koha
        General ArtNexus ArtNexus General 06/09/2022 P-SP-00 O45P 448 06/09/2022 Ej.1 06/09/2022 Libro

Powered by Koha